José María Córdova Int. Airport Destinations (Medellin, Colombia) - Statistics

General Stats
  • This quiz has been taken 67 times
    13 since last reset
  • The average score is 29 of 41
Answer Stats
Airline Destination % Correct
Avianca/JetSmart Perú/LATAM Perú Lima
100%
Air Europa/Avianca Madrid
100%
Aeroméxico/Avianca Mexico City
100%
American Airlines/Avianca Miami
100%
JetSmart Chile Santiago de Chile
100%
Arajet Santiago de los Caballeros
100%
Avianca/Jetsmart Colombia/LATAM Colombia/Wingo Bogotá
92%
Avianca Buenos Aires (Ezeiza)
92%
Avianca/Jetsmart Colombia/LATAM Colombia Cali
92%
United Airlines Houston (Intercontinental)
92%
Air Panama Panama City (Albrook)
92%
Wingo Panama City (Bilboa)
92%
Copa Airlines/Copa Airlines Colombia Panama City (Tocumen)
92%
Avianca Ecuador Quito
92%
Avianca El Salvador San Salvador
92%
Avianca New York (JFK)
83%
Avianca Costa Rica/Wingo San José (CR)
83%
Air Transat/WestJet Toronto (Pearson)
83%
Avianca/Jetsmart Colombia/LATAM Colombia/Wingo Barranquilla
75%
Wingo Cancún
75%
Avianca/Jetsmart Colombia/Wingo Cartagena
75%
Avianca Ecuador Guayaquil
75%
Air Transat Montréal (Trudeau)
75%
Avior Airlines/Wingo Caracas
67%
Avianca/Spirit Airlines Orlando
67%
Arajet/Avianca/Jetsmart Colombia/Wingo Punta Cana
67%
Avianca/JetBlue San Juan
67%
Arajet/Wingo Santo Domingo (Las Américas)
67%
Avianca/JetBlue/Spirit Airlines Fort Lauderdale
50%
Avianca Armenia
42%
Wingo Aruba
42%
Avianca/LATAM Colombia/Wingo Bucaramanga
42%
Wingo/Z Air Curaçao
42%
Avianca/Clic/Jetsmart Colombia/LATAM Colombia Pereira
42%
Avianca/Jetsmart Colombia/Wingo Santa Marta
42%
Z Air Bonaire
33%
Avianca/Jetsmart Colombia Cúcuta
33%
Avianca/Jetsmart Colombia/LATAM Colombia Montería
33%
Avianca Pasto
33%
Turpial Airlines Valencia (VE)
33%
Avianca/Jetsmart Colombia/LATAM Colombia San Andrés Island
17%
No matching quizzes found
Score Distribution
Percent of People with Each Score
Percentile by Number Answered
Your Score History
You have not taken this quiz since the last reset